Introduction to positive economics (Record no. 5640)

000 -LEADER
fixed length control field 00453nam a22001817a 4500
001 - CONTROL NUMBER
control field 5640
003 - CONTROL NUMBER IDENTIFIER
control field BD-DhUET
008 - FIXED-LENGTH DATA ELEMENTS--GENERAL INFORMATION
fixed length control field 141127b xxu||||| |||| 00| 0 eng d
040 ## - CATALOGING SOURCE
Transcribing agency 0
Modifying agency BD-DhUET
082 ## - DEWEY DECIMAL CLASSIFICATION NUMBER
Classification number 330
Item number LIP/1971
100 ## - MAIN ENTRY--PERSONAL NAME
Personal name Lipsey, Richard G.
245 ## - TITLE STATEMENT
Title Introduction to positive economics
250 ## - EDITION STATEMENT
Edition statement 3rd ed.
260 ## - PUBLICATION, DISTRIBUTION, ETC. (IMPRINT)
Name of publisher, distributor, etc. English Language Book
Place of publication, distribution, etc. Hampshire
Date of publication, distribution, etc. 1971
300 ## - PHYSICAL DESCRIPTION
Extent xx, 740 p.
Other physical details ill.
Dimensions 26 cm.
650 #0 - SUBJECT ADDED ENTRY--TOPICAL TERM
Topical term or geographic name as entry element Economics
942 ## - ADDED ENTRY ELEMENTS (KOHA)
Koha item type General Book
Holdings
Lost status Shelving location Date acquired Price effective from Withdrawn status Source of classification or shelving scheme Koha full call number Koha item type Sublocation or collection (holding branch) Koha date last seen Piece designation (barcode) Damaged status Koha collection Not for loan Koha normalized classification for sorting Copy number Location (home branch)
 Circulation section2014-11-272014-11-27  330/LIP/1971General BookCentral Library, BUET2014-11-2723693   330LIP19711Central Library, BUET
 Circulation section2014-11-272014-11-27  330/LIP/1971General BookCentral Library, BUET2014-11-2723702   330LIP19712Central Library, BUET
 Circulation section2015-01-272015-01-27  330/LIP/1971General BookCentral Library, BUET2015-01-2723689   330_000000000000000_LIP_19713Central Library, BUET
 Circulation section2015-01-272015-01-27  330/LIP/1971General BookCentral Library, BUET2015-01-2723684   330_000000000000000_LIP_19714Central Library, BUET
 Circulation section2015-01-272015-01-27  330/LIP/1971General BookCentral Library, BUET2015-01-2723710   330_000000000000000_LIP_19715Central Library, BUET
 Circulation section2015-01-272015-01-27  330/LIP/1971General BookCentral Library, BUET2015-01-2723713   330_000000000000000_LIP_19716Central Library, BUET
 Cataloging section2015-01-272015-01-27  330/LIP/1971General BookCentral Library, BUET2015-01-2723690   330_000000000000000_LIP_19717Central Library, BUET
 Circulation section2015-01-272015-01-27  330/LIP/1971General BookCentral Library, BUET2015-01-2723698   330_000000000000000_LIP_19718Central Library, BUET
 Circulation section2015-01-272015-01-27  330/LIP/1971General BookCentral Library, BUET2015-01-2723685   330_000000000000000_LIP_19719Central Library, BUET
 Circulation section2015-01-272015-01-27  330/LIP/1971General BookCentral Library, BUET2015-01-2723712   330_000000000000000_LIP_197110Central Library, BUET
 Circulation section2015-01-282015-01-28  330/LIP/1971General BookCentral Library, BUET2015-01-2823677 Non Fiction 330_000000000000000_LIP_19714Central Library, BUET
 Circulation section2015-01-282015-01-28  330/LIP/1971General BookCentral Library, BUET2015-01-2823706 Non Fiction 330_000000000000000_LIP_197130Central Library, BUET
 Circulation section2015-01-282015-01-28  330/LIP/1971General BookCentral Library, BUET2015-01-2823705 Non Fiction 330_000000000000000_LIP_197129Central Library, BUET
 Circulation section2015-01-282015-01-28  330/LIP/1971General BookCentral Library, BUET2015-01-2823680 Non Fiction 330_000000000000000_LIP_197116Central Library, BUET
 Circulation section2015-04-202015-04-20  330/LIP/1971General BookCentral Library, BUET2015-04-2023691   330_000000000000000_LIP_197115Central Library, BUET